000 00635cam a2200193 a 4500
020 _a0727727109
082 0 0 _a624.068
_bLOF
_cN-1,P-89
245 0 0 _aProject management of multiple projects and contracts /
_cedited by Jack Loftus.
260 _aLondon :
_bThomas Telford,
_c1999.
300 _avii, 194 p. :
_bill. ;
_c24 cm.
526 _a0
_b0
_c0
_d624_068000000000000_LOF
650 0 _aCivil engineering contracts.
_91120
650 0 _aConstruction industry
_xManagement.
_9806
650 0 _aEngineering
_xManagement.
650 0 _aNUST
_96342
650 0 _aProject management.
700 1 _aLoftus, Jack.
_937147
942 _2ddc
_cBK
999 _c542048
_d542048